Statistics for Most Well-Known Roles by Actor

Click here to take the quiz!

General Stats

  • This quiz has been taken 50,835 times
  • The average score is 13 of 26

Answer Stats

Actor Movie % Correct
Arnold SchwarzeneggerThe Terminator
91%
Sylvester Stallone Rocky
87%
Leonardo DiCaprioTitanic
85%
Harrison FordRaiders of the Lost Ark
83%
Tom HanksForrest Gump
72%
Will SmithMen in Black
70%
Patrick SwayzeDirty Dancing
65%
Al PacinoThe Godfather
62%
Julia RobertsPretty Woman
61%
Mike MyersAustin Powers
60%
Jim CarreyAce Ventura: Pet Detective
55%
Mel GibsonBraveheart
51%
Robin WilliamsMrs. Doubtfire
50%
Natalie PortmanBlack Swan
50%
Jack NicholsonThe Shining
49%
Will FerrellAnchorman
45%
Adam SandlerHappy Gilmore
41%
Clint EastwoodDirty Harry
39%
Edward NortonFight Club
36%
Sandra BullockMiss Congeniality
34%
Nicolas CageNational Treasure
29%
Sean PennMilk
22%
Kevin CostnerWaterworld
20%
Denzel WashingtonTraining Day
19%
Sean ConneryGoldfinger
17%
Nicole KidmanEyes Wide Shut
15%

Score Distribution

Percentile by Number Answered

Percent of People with Each Score

Your Score History

You have not taken this quiz